Matemáticas del contador (Registro nro. 1785)
[ vista simple ]
| 000 -LEADER | |
|---|---|
| fixed length control field | 01169 a2200217 4500 |
| 001 - CONTROL NUMBER | |
| control field | 29000 |
| 005 - DATE AND TIME OF LATEST TRANSACTION | |
| control field | 20260407155559.0 |
| 008 - FIXED-LENGTH DATA ELEMENTS--GENERAL INFORMATION | |
| fixed length control field | 260407a1943 arg spa d |
| 003 - CONTROL NUMBER IDENTIFIER | |
| control field | AR-UNSa-BCEJYS |
| 040 ## - CATALOGING SOURCE | |
| Original cataloging agency | AR-UNSa-BCEJYS |
| Language of cataloging | spa |
| Transcribing agency | AR-UNSa-BCEJYS |
| 080 ## - UNIVERSAL DECIMAL CLASSIFICATION NUMBER | |
| Universal Decimal Classification number | 657 |
| Common auxiliary subdivision | Contabilidad |
| 041 ## - LANGUAGE CODE | |
| Language code of text/sound track or separate title | spa |
| 100 1# - MAIN ENTRY--PERSONAL NAME | |
| Personal name | Specthrie, Samuel Waldo |
| 245 10 - TITLE STATEMENT | |
| Title | Matemáticas del contador |
| 264 #1 - PRODUCTION, PUBLICATION, DISTRIBUTION, MANUFACTURE, AND COPYRIGHT NOTICE | |
| Place of production, publication, distribution, manufacture | México : |
| Name of producer, publisher, distributor, manufacturer | Unión Tipográfica Editorial Hispano-Americana (UTEHA) |
| Date of production, publication, distribution, manufacture, or copyright notice | 1943 |
| 300 ## - PHYSICAL DESCRIPTION | |
| Extent | 323 p. |
| Dimensions | 25 cm. |
| 505 ## - FORMATTED CONTENTS NOTE | |
| Formatted contents note | 1. Operaciones aritméticas - 2. Razones y proporciones - 3. Descuentos e interés simple - 4. Introducción al algebra - 5. Ecuaciones algebraicas - 6. Importe futuro y valor actual a interés compuesto - 7. Anualidades - 8. Matemáticas de las liquidaciones de seguros de incendio - 9. Valoración de inversiones - 10. Logaritmos - 11. Aplicación de los logaritmos a los cálculos matemáticos de las inversiones - 12. Inventarios - 13. Análisis de estados financieros - 14. Control de la exactitud en contabilidad - 15. Matemáticas de la depreciación |
| 590 ## - LOCAL NOTE (RLIN) | |
| Local note | niveau_biblio:m niveau_hierar:0 |
| 700 1# - ADDED ENTRY--PERSONAL NAME | |
| Personal name | Diez Barroso, Fernando |
| 942 ## - ADDED ENTRY ELEMENTS (KOHA) | |
| Koha item type | |
| Withdrawn status | Lost status | Damaged status | Not for loan | Home library | Current library | Shelving location | Date acquired | Total checkouts | Full call number | Barcode | Date last seen | Price effective from | Koha item type |
|---|---|---|---|---|---|---|---|---|---|---|---|---|---|
| Biblioteca Prof. Eusebio Cleto del Rey | Biblioteca Prof. Eusebio Cleto del Rey | 07/04/2026 | 657 H658 v.11 | L21909 | 07/04/2026 | 07/04/2026 | Libro | ||||||
| Biblioteca Prof. Eusebio Cleto del Rey | Biblioteca Prof. Eusebio Cleto del Rey | 07/04/2026 | 657 H658 v.11 | L20144 | 07/04/2026 | 07/04/2026 | Libro |